00405pab a2200133 454500008004000000100002300040245012200063260000900185300001500194362001400209650001000223700002100233773001700254180718b2011 xxu||||| |||| 00| 0 eng d aKhan, C.G. Hussain aAge at menopause: Differentials and perceptions of women findings from an ethnographic study in rural North Karnataka c2011 ap.497-516. aJul - Dec aWomen aHallad, Jyoti S. aMan in India